Sistema y mercado eléctricos: la regulación
Na minha lista:
| Autor principal: | |
|---|---|
| Formato: | Livro |
| Idioma: | espanhol |
| Publicado em: |
Santiago
Legal Publishing
2010
|
| Edição: | 1a. ed |
| Assuntos: | |
| Tags: |
Adicionar Tag
Sem tags, seja o primeiro a adicionar uma tag!
|
MARC
| LEADER | 00000cam a2200000 a 4500 | ||
|---|---|---|---|
| 001 | UCG9057 | ||
| 003 | CL-VaPUC | ||
| 008 | 120120e20100500CL |||||||||||||||||spa|d | ||
| 020 | |a 9789562388993 | ||
| 082 | 0 | 4 | |a 343.07 |b SEP |2 21 |
| 100 | 0 | |a Sepúlveda Rodríguez, Enrique |e author |9 560421 | |
| 245 | 1 | 0 | |a Sistema y mercado eléctricos: la regulación |
| 250 | |a 1a. ed | ||
| 300 | |a 193 p | ||
| 942 | |c BK | ||
| 945 | |d 20120120 00:00:00 |a dcastane | ||
| 260 | |a Santiago |b Legal Publishing |c 2010 | ||
| 600 | 0 | 7 | |a MINISTERIO DE ENERGIA |2 CL-VaPUC |9 560422 |
| 600 | 0 | 7 | |a COMISION NACIONAL DE ENERGIA |2 CL-VaPUC |9 560423 |
| 650 | 7 | |a MERCADO ELECTRICO |2 CL-VaPUC |9 560424 | |
| 650 | 0 | |a Derecho comercial |9 256340 | |
| 650 | 0 | |a Electricidad |9 260222 | |
| 650 | 7 | |a SUMINISTRO DE ELECTRICIDAD |2 CL-VaPUC |9 560425 | |
| 651 | 7 | |a CHILE |2 CL-VaPUC |9 560426 | |
| 583 | |a last modification |c 20120120 10:38:00 |k Rodrigo Vera | ||
| 999 | |c 346632 |d 346630 | ||
| 952 | |0 0 |1 0 |4 0 |6 343_070000000000000_SEP_2010 |7 0 |8 A |9 447430 |a BIBDER |b BIBDER |d 2019-11-22 |i 4816366 |l 1 |o 343.07 SEP 2010 |p 4816366 |r 2024-05-02 |s 2024-05-02 |w 2019-11-22 |y BK |k DER | ||